| 000 | 00806nab a2200241 u 4500 | ||
|---|---|---|---|
| 001 | 13008 | ||
| 003 | HDC | ||
| 007 | cr bn ---aaaaa | ||
| 008 | 210211c my dr|nes 0 eng d | ||
| 040 | _aHDC | ||
| 245 | 0 | _aSelangor promotes halal, e-commerce to entice investors from China | |
| 260 |
_a[no place] : _b[publisher not identified], _c[no year] |
||
| 336 |
_atext _2rdacontent |
||
| 337 |
_acomputer _2rdamedia |
||
| 338 |
_aonline resource _2rdacarrier |
||
| 650 |
_aE-commerce _92390 |
||
| 650 |
_aHalal promotion _913852 |
||
| 710 | _aBorneo Post Online | ||
| 856 | _zRequest full-text at [email protected] | ||
| 942 | _2lcc | ||
| 942 | _cNEWS | ||
| 942 | _kNWSO 002793 | ||
| 999 |
_c10324 _d10324 |
||